000 00854nam a22002417a 4500
999 _c3148
_d3148
003 AR-CdUCM
008 190306b ||||| |||| 00| 0 spa d
040 _aMUNICIPALIDAD PROVINCIAL DEL CUSCO
_cBIBLIOTECA MUNICIPAL DEL CUSCO
082 _a803.08 /
_bB46
110 _aDigest, Readers
_910608
245 _aBiblioteca de selecciones :
_bLibros escogidos /
260 _aMéxico :
_bEditorial san Mateo Tecoloapan,
_c1971.
300 _a487 paginas ;
_c20 cm.
505 _aContenido :Sally -- El capricho del rey -- Christian Brnard:mi vida -- La selva cruel.
650 _aNovela mexicana
_9860
650 _aNovelas tradicionales
_9390
700 _aCunningbam, E.V.
_910609
700 _aLofts, Norab
_910610
700 _aBarnard Christian y Bill Peper, Curtis
_910611
700 _aCaillon, Alan
_910612
942 _2ddc
_cLIBROS
945 _arum